00706 a2200193 4500020001500000040001700015082001000032100002300042245007500065250001200140260003400152300002400186650002600210650005100236650002700287650003600314856008700350856007500437 a0072395591 aDLCbEnglish00a005.11 aSchach, Stephen R.10aObject-oriented and classical software engineeringcStephen R. Schach. a5th ed. aBoston :bMcGraw-Hill,c2002. axix, 628 p.c24 cm. 0aSoftware engineering. 0aObject oriented programming (Computer science) 0aUML (Computer science) 0aC++ (Computer program language)423Publisher descriptionuhttp://www.loc.gov/catdir/description/mh051/2001030236.html423Table of contentsuhttp://www.loc.gov/catdir/toc/mh041/2001030236.html